000 00732nam a2200181Ia 4500
008 151202s9999||||xx |||||||||||||| ||und||
082 _bPNVM-56426
100 _aमंगेशकर गीता आणि बांदोडकर गौरी.
245 _aउपेक्षिता.
260 _bबांदोडकर पब्लिशिंग हाउस गोवा.
260 _c1993
300 _a188
600 _aमंगेशकर गीता आणि बांदोडकर गौरी.
630 _aउपेक्षिता.
700 _aमंगेशकर गीता आणि बांदोडकर गौरी.
730 _aउपेक्षिता.
942 _cBOOK
999 _c1322964
_d1322961